| 000 | 003020000a22000970004500 | ||
|---|---|---|---|
| 100 | 1 | _aHouston, Walter | |
| 245 | 1 | 0 | _aContrast in tense and exegesis. The case of the field vowed and sold, Lev. 27:20 |
| 300 | _aVol. 49, Num. 3 (Julio, 1999), Páginas 416-420 | ||
| 773 | 0 | _tVetus Testamentum | |
| 942 | _cANA | ||
| 999 |
_c58286 _d58286 |
||